00697nam a2200217Ia 450000500170000000800410001702000180005805000240007610000310010024500500013126000360018130000330021744000060025052100070025652600080026365000260027165000390029794200120033699900170034895201140036520140407104424.0140130s9999 xx 000 0 und d a9788953911680 aPZ 7b.B7572To 1997 aBrewster, Patience.931410 cPatience Brewster.aToo many puppies (w/cd) / bScholastic Inc.,cc1997.aUSA : a30 p. :bcol. ill. ;c23 cm. v1 aG2 c420 aDogsxFiction.931411 a AnimalsxInfancyxFiction.931412 cBK2lcc c41695d41695 00102lcc40aMUbMUcSCHOd2014-01-30l0oPZ 7 .B7572To 1997pMS1602r2014-01-30 00:00:00t1w2014-03-11yBK